Introducing semiotic : its history and doctrine = Presentando la semiótica: su historia y doctrina /
Wedi'i Gadw mewn:
| Prif Awdur: | |
|---|---|
| Fformat: | Anhysbys |
| Iaith: | Spanish English |
| Cyhoeddwyd: |
Bloomington :
Indiana University Press,
1982.
|
| Pynciau: | |
| Tagiau: |
Ychwanegu Tag
Dim Tagiau, Byddwch y cyntaf i dagio'r cofnod hwn!
|
MARC
| LEADER | 000000000a22000000004500 | ||
|---|---|---|---|
| 001 | 011604 | ||
| 008 | 171109b xxu||||| |||| 00| 0 spa d | ||
| 020 | |a 0253330807 | ||
| 041 | 0 | |a eng | |
| 082 | 0 | 4 | |a 149 |b D311i |
| 100 | 1 | |a Deely, John N. | |
| 245 | 1 | 0 | |a Introducing semiotic : |b its history and doctrine = Presentando la semiótica: su historia y doctrina / |c John N. Deely. |
| 246 | 3 | 1 | |a Presentando la semiótica: su historia y doctrina |
| 260 | 1 | |a Bloomington : |b Indiana University Press, |c 1982. | |
| 300 | |a 246 páginas | ||
| 500 | |a Colección George Yúdice | ||
| 650 | 4 | |a SEMIOTICA | |
| 942 | |c BK |2 ddc | ||
| 999 | |c 17639 |d 17639 | ||



